00379nam a22001337a 4500020001800000040000900018082001500027100002100042110004400063245004000107250001600147260004100163650004100204 a9781292068909 cNUST a629.83 FRA aFranklin, Gene F a Emami-Naeini, Abbas Powell, J. David aFeedback Control of Dynamic Systems a7TH EDITION aNEW YORK:bPEARSON EDUCATION,c2015. aDEE.TEXTBOOK FEEDBACK CONTROL SYSTEM